000
00347nam a2200157Ia 4500
003
OSt
008
191201s2014 xx 000 0 und d
082
_a
005.74
_b
ELD
100
_a
ELMASRI,Ramez
245
0
_a
Database Systems
250
_a
2nd
260
_a
New Delhi
_b
Pearson
_c
2014
300
_a
1214
650
_a
B.Tech(CSE)
942
_2
ddc
_c
BK
999
_c
5935
_d
5935